| 000 | 03033nam a2200337 i 4500 | ||
|---|---|---|---|
| 001 | 000032827 | ||
| 003 | DO-SdBNP | ||
| 005 | 20240308073621.0 | ||
| 007 | ta | ||
| 008 | 110726t1952 sp c 001 ebspa d | ||
| 040 |
_aDO-SdBNP _bspa _cBNPHU _erda |
||
| 049 | _aBNPD | ||
| 082 | 4 |
_a923.77295 _bH831h _222 |
|
| 245 | 0 | 0 |
_aHostos hispanoamericanista : _bcolección de ensayos acerca de Eugenio María de Hostos / _crecogidos y publicados por Eugenio Carlos de Hostos ; introducción por Tulio M. Cestero. |
| 264 |
_aMadrid : _bImprenta, Litografía y Encuadernación, _c1952. |
||
| 300 |
_a431 páginas : _bretratos ; _c24 cm. |
||
| 336 |
_2rdacontent _atexto _btxt |
||
| 337 |
_2rdamedia _asin mediación _bn |
||
| 338 |
_2rdacarrier _avolumen _bnc |
||
| 500 | _aIncluye cronología de Hostos. | ||
| 504 | _aIncluye bibliografía y notas al pie de páginas. | ||
| 504 | _aBibliografía hostosiana : p. 387-425. | ||
| 505 | 0 |
_aIntroducción / _rTulio M. Cestero -- _gEl Hombre : _tEugenio María de Hostos / _rConcha Espina -- _tHostos, patriota ejemplar / _rMargot Arce de Vázquez -- _tHostos en la Unión Panamericana / _rLeo S. Rowe -- _tHostos en el Capitolio de Puerto Rico / _rEmilio del Toro Cuevas -- _tEugenio María de Hostos / _rFrancisco Henríquez y Carvajal -- _tActividad e influencia de Hostos en Santo Domingo / _rMax Henríquez Ureña -- _tEl padre Billini y Eugenio María de Hostos / _rEmilio Rodríguez Demorizi -- _tLa peregrinación heroica de Eugenio María de Hostos / _rPedro de Alba -- _tRibeldía y disciplina en Hostos. Vida y obra / _rAndrés Iduarte -- _tEl prócer que se quedó sin patria / _rJusto Pastor Benítez-- _tHostos: Semblanza de una vida / _rLuis Galdames -- _tMujeres en la vida de Hostos / _rJuan Bosch -- _gSus Ideas : _tLas doctrinas políticas de Eugenio María de Hostos / _rFrancisco Elías de Tejada -- _tSociopatía americana. Comentarios a Hostos / _rRafael Estenger -- _tEl derecho constitucional en Eugenio María de Hostos / _rJ. M. Velasco Ibarra-- _tUn ilustre antillano Prócer de Chile / _rVíctor Domingo Silva -- _tActualidad de Eugenio María de Hostos / _rMax Daireaux -- _tEugenio María de Hostos y Bonilla / _rWilliam Rex Crawford -- _tEl sentido americanista en Hostos / _rRichart Pattee -- _tHostos y sentido solidario de Latino América / _rFernán Félix de Amador -- _tEl americanismo de Hostos / _rAdolfo de Hostos -- _gApéndice : _tEsquema biográfico de Eugenio María de Hostos -- _tRevistas y periódicos que Hostos fundó, dirigió o redactó o en los cuales colaboró -- _tObras de Eugenio María de Hostos -- _tBibliografía hostosiana -- _tAlgunos Amigos y corresponsales de Hostos. |
|
| 590 | _aInventariado, 2023/BT | ||
| 600 | 1 | 4 |
_aHostos y Bonilla, Eugenio Maria de, _d1839-1903 _xCrítica e interpretación _954187 |
| 650 | 4 |
_aIntelectuales _zPuerto Rico _91002 |
|
| 700 | 1 |
_aHostos, Eugenio Carlos de, _d1879-1959, _ecompilador _958628 |
|
| 700 | 1 |
_aCestero, Tulio M., _q(Tulio Manuel), _d1877-1955 _eintroducción _91698 |
|
| 910 | _aValidado. Control de calidad EMS. | ||
| 942 |
_2ddc _cLBS1 |
||
| 999 |
_c32318 _d32318 |
||